000 00520nam a2200217Ia 4500
003 OSt
005 20220924134121.0
006 a|||||r|||| 00| 0
007 ta
008 220923b |||||||| |||| 00| 0 snd d
024 _a272352
037 _cTextual
040 _aARTS
_cARTS
_bsnd
041 _2snd
_asnd
082 _aO1593,1L46, G6
100 _aQasim
_9208121
245 0 _aDiwan - e - qasim
260 _c1936
942 _hO1593,1L46, G6
_cTEXL
_2CC
999 _c436471
_d436471